[Event "Linares 12th"]
[Site "Linares"]
[Date "1994.??.??"]
[Round "13"]
[White "Karpov, Anatoly"]
[Black "Beliavsky, Alexander G"]
[Result "1-0"]
[WhiteElo "2740"]
[BlackElo "2650"]
[Annotator "Anand,V"]
[PlyCount "39"]
[EventDate "1994.02.??"]
[EventType "tourn"]
[EventRounds "13"]
[EventCountry "ESP"]
[EventCategory "18"]
[SourceTitle "CBM 040"]
[Source "ChessBase"]
[SourceDate "1994.06.01"]
[SourceVersion "1"]
[SourceVersionDate "1994.06.01"]
[SourceQuality "1"]

1. d4 {Ftacnik Donev} Nf6 2. Nf3 d5 3. c4 e6 4. g3 Be7 5. Bg2 O-O 6. O-O dxc4
7. Qc2 a6 8. a4 Bd7 9. Qxc4 Bc6 10. Bg5 (10. Nc3 {Ftacnik} a5 (10... b5 $5 11.
Qd3 b4 $13) 11. Re1 Ne4 12. Qd3 $14) 10... Bd5 (10... a5 11. Nc3 Na6) 11. Qd3
c5 12. Nc3 (12. Bxf6 {Ftacnik} Bxf6 13. e4 Bc6 14. e5 Be7 $10) (12. dxc5 {
Ftacnik} Nbd7) 12... cxd4 $6 (12... Bc6 $5 {Donev} 13. Bxf6 Bxf6 14. dxc5 Nd7
15. b4 Nxc5 $1 $10) 13. Nxd5 Qxd5 $2 (13... Nxd5 14. Bxe7 Qxe7 (14... Nxe7 {
Ftacnik} 15. Nxd4 $14) 15. Nxd4 $14 (15. Nxd4 {Donev} Nc6 16. Nxc6 bxc6 17. a5
Qb7 {Huebner,R-Karpov,An/Tilburg/1979/})) 14. h4 $1 Nbd7 $2 (14... Nc6 {
Loses without resistance} 15. Bxf6 Bxf6 16. Ng5 Qf5 17. Be4 Qa5 (17... Qe5 {
Donev} 18. f4 (18. Bxc6 Bxg5 19. Bxb7 Rab8 20. Bxa6 Be3 21. Kh2 $16) 18... Qc7
19. Nxh7 Rfd8 20. Nxf6+ gxf6 $16) 18. Nxh7 (18. Bxh7+ Kh8 19. Bg8 $2 Qf5 $1) (
18. Bxc6 Bxg5 19. Bxb7 Ra7 (19... Ra7 {Ftacnik} 20. Be4 $16)) 18... Rfd8 $14) (
14... e5 $2 {Donev} 15. Bxf6 Bxf6 16. Ng5 $18) 15. Nxd4 (15. Bxf6 {Ftacnik}
Nxf6 {xh7}) 15... Qd6 (15... Qa5 {Ftacnik} 16. Nb3 $1) 16. Rfd1 $1 Nc5 (16...
Qb6 17. a5 $1) (16... Rac8 {Donev} 17. Nf5 $3 exf5 18. Qxd6 Bxd6 19. Rxd6 Rc2
20. Bxb7 Rxe2 21. Bxa6 Rxb2 22. Bb5 $18) 17. Qc4 (17. Nf5 {Ftacnik} Nxd3 18.
Nxd6 Nxb2 19. Rd2 Bxd6 20. Rxd6 Nc4) (17. Qc2 {Ftacnik} Qb6 18. a5 Qb4) 17...
Rfd8 18. b4 $18 Nxa4 (18... Ncd7 {Donev} 19. Nc6 $1 $18) (18... Nce4 {Ftacnik}
19. Bxf6 Nxf6 (19... Bxf6 20. Bxe4 Bxd4 21. e3 Bxa1 22. Rxd6 Rxd6 23. Bxb7 $16)
20. Bxb7 Rab8 21. Qxa6 Qxb4 22. Nb5 $16) 19. Qb3 Qb6 (19... Nb6 {Donev} 20. Nc6
$16) (19... Qxb4 {Ftacnik} 20. Qxb4 Bxb4 21. Rxa4 Bc3 22. Rc4 Bb2 23. Rd2 $18)
20. e3 1-0

[Event "Corus"]
[Site "Wijk aan Zee"]
[Date "2007.01.26"]
[Round "11"]
[White "Aronian, Levon"]
[Black "Karjakin, Sergey"]
[Result "1-0"]
[WhiteElo "2744"]
[BlackElo "2678"]
[Annotator "Aronian,L"]
[PlyCount "93"]
[EventDate "2007.01.13"]
[EventType "tourn"]
[EventRounds "13"]
[EventCountry "NED"]
[EventCategory "19"]
[SourceTitle "CBM 117"]
[Source "ChessBase"]
[SourceDate "2007.03.30"]
[SourceVersion "1"]
[SourceVersionDate "2007.03.30"]
[SourceQuality "1"]

1. d4 Nf6 2. c4 e6 3. g3 {before the game, Gabriel Sargissian and I recalled
the words of the trainer of our Olympiad team, Arshak Petrosian. He urged me
to briden my opening repertoire, despite my lack of knowledge of other
variations. For this reason, I decided to try the Catalan, which I have rarely
played lately.} d5 {Real Catalan-haters play 3...c5} 4. Nf3 Be7 {Sergey has
played this before, and I began to suspect that our game would see what is
today the main variation. I myself used to like to play 4...dxc4 and then a6,
Nc6, or 4...a6, which usually leads to the same variation.} 5. Bg2 O-O 6. O-O
dxc4 7. Qc2 {There is no need to play 7.Qa4, because the attempt to hang onto
the c4-pawn by means of 7...b5 leads to unpleasant consequences after 8.a4,
and if 8...c6 then 9.axb5 cxb5 10.Ng5.} a6 8. Qxc4 {The alternative 8.a4 is
not so popular as it once was. All White's searches for an advantage are
concentrated around the strange development of the bishop on d2.} b5 9. Qc2 Bb7
10. Bd2 {The main position. Black has a wide choice, although many strong GMs
prefer the mysterious rook move. There is also another interesting and
rarely-played move: 10...Be4 11.Qc1 Bb7!} Ra7 11. Rc1 {Having seen before this
gamethe encounter Kramnik-Anand, which gives confidence to anyone playing this
line as White, I decided to go in for the line my opponent likes to play.} Be4
12. Qb3 Nc6 13. e3 Qa8 14. Qd1 Nb8 15. Ba5 Bd6 {Thus reaching the structure
mentioned. Since Anand did not manage to get in c5 by means of Rc8 in the
above-mentioned game, Seryozha tries another idea.} 16. a3 {Played by analogy,
although I can admit that copying the moves of the world champion cannot be
such a shameful thing.} Nbd7 {Naturally, Black tries to exchange off his
backward pawn. Not seeing how I could stop this, I decided to carry on
developing my pieces.} 17. Nbd2 Bd5 18. Qf1 {A useful move in this position.
The bishop on g2 needs to be defended, in the event of an attempt to break in
the centre by e5.} c5 {My computer, free of all complexes, recommends 18...e5.
Nevertheless, to a human player, it is more natural to think about the harmony
of his pieces. Probably for this reason, Black prefers not to leave his rook
blocked in on a7.} 19. dxc5 Bxc5 20. Rc2 {White seizes the c-file, while the
enemy rooks are out of play. One must conclude that getting rid of the c7-pawn
has not brought Black full relief, and White retains the advantage.} Qb7 {
A good move. Black tries to activate his queen.} 21. Rac1 Bb6 ({I flatly
refuse to believe in the viability of Black's position after the highly
"inhuman"} 21... Bd6 22. Qd3 Be7) 22. Bxb6 {The bishop on b6 is ideally placed,
which makes its exchange attractive to White.} Qxb6 23. Nd4 Ne5 24. Bxd5 Nxd5
25. N4f3 ({When playing 22.Bb6 I intended} 25. Nc6 {now, but after a short
think, I realised that the rook stands badly on c6 after} Nxc6 26. Rxc6 Qb8 {
and gives Black a tempo for ...Ne7, which he has to play anyway.}) ({So as not
to have to calculate the variations after} 25. N2f3 Nc4 {I chose the more
modest text, since I felt that the retreat f the knight to d7 did not change
that much.}) ({Of course, it was possible not to hurry with the exchange, and
to play} 25. Qe2 {slightly improving the position of the white queen.}) 25...
Nxf3+ ({After} 25... Nd7 {White can continue with either} 26. Qd3 {or 26.Ne4,
which leads to positions similar to the game.}) ({On} 25... Qb8 {I intended}
26. Qe2 {with the idea of playing Nb3 at the appropriate time.}) 26. Nxf3 Rd8 {
Black sets up a barrier. It looks as though the worst is behind him, but the
wakness of the queenside is still noticeable, and the knight will have to
guard c6.} 27. Qd3 {With the disappearance of the minor pieces, the white
queen finds gainful employment.} Ne7 ({Becoming active by} 27... Rad7 {doesn't
work. After} 28. Ne5 Rd6 29. Qe4 Nf6 30. Qf3 {the white rooks dominate.}) 28.
Qe4 Rad7 29. Kg2 {I did not think over this move at all, as I felt that the
move Ne5 would not run away.} ({This is justified by the line} 29. Ne5 Rd1+ 30.
Rxd1 Rxd1+ 31. Kg2 Rd5 {when Black's position has improved.}) 29... f6 {
But I had not reckoned on this move. Now I understand that I would not be able
patiently to improve my position, so I decided to make something happen.} 30.
h4 {Even though Black's position has eased, White still has easy play. And is
there any better feling in chess than torturing an opponent in a position
where you are taking no risk? Well, maybe the feeling of gaining a totally
undeserved voictory...} e5 31. h5 {The march of the h-pawn is the most
unpleasant thing in the position for Black. he does not want to play h6,
because the white knight may get to g6, which would be very unpleasant.} Qb7 {
In analysis, one can of course recommend any neutral move, such as 31...Qd6
and further waiting. White's initiative is long-lasting, even though no direct
danger to Black is apparent.} 32. Qg4 Kf7 {Of course, playing 32...f5 is very
risky. The weakness of e5 would force Black to push the pawn on to e4, which
would create new weaknesses.} 33. Rc5 Rc8 {Practically the decisive mistake.} (
{It was necessary to defend passively with} 33... Qb6 {Then the rook sacrifice}
34. Rxe5 {does not work because after} fxe5 35. Nxe5+ Kg8 36. Nxd7 Qb7+ {
Black wins back the knight. Including the moves h6 and g6 does not make a
great deal of difference.}) (33... Qb6 {Probably I would have continued} 34.
Qb4 {retaining threats.}) 34. Rxc8 Nxc8 35. Qf5 g6 36. Qg4 ({Also possible was
} 36. Qh3 Ne7 37. hxg6+ hxg6 38. Qh8 {and later Rh1.}) 36... Ne7 37. hxg6+ hxg6
38. Rh1 f5 {This loses by force.} ({After the moves} 38... Kg7 39. Qh3 Qc8 40.
Qh7+ Kf8 41. e4 {Black's position is hardly a bed of roses, but this would
have been the best course. Now it is easy.}) 39. Rh7+ Ke6 40. Qg5 Qe4 41. Qh6
f4 42. Qf8 Nc6 {I refrain from the natural wish to highlight every winning
move, out of sympathy for Sergey.} 43. Qc8 Ne7 44. Qe8 Kd6 45. Qf8 Qd5 46. e4
Qe6 ({Black could have choose an ending two pawns down by} 46... Qg8 47. Qxg8
Nxg8 48. Rxd7+ Kxd7 49. Nxe5+) 47. Ng5 {Black must lose material.} 1-0

[Event "Burgas Black Sea"]
[Site "Burgas"]
[Date "2012.09.16"]
[Round "6"]
[White "Cheparinov, Ivan"]
[Black "Atalik, Suat"]
[Result "1-0"]
[WhiteElo "2689"]
[BlackElo "2603"]
[Annotator "Atalik,S"]
[PlyCount "87"]
[EventDate "2012.09.12"]
[EventType "tourn"]
[EventRounds "10"]
[EventCountry "BUL"]
[EventCategory "18"]
[SourceTitle "CBM 151"]
[Source "ChessBase"]
[SourceDate "2012.11.13"]
[SourceVersion "1"]
[SourceVersionDate "2012.11.13"]
[SourceQuality "1"]

1. d4 Nf6 2. c4 e6 3. Nf3 d5 4. g3 {Somehow I do not mind the Catalan. Let us
update our general knowledge on the field.} Be7 {I like the classical approach
above all.} 5. Bg2 O-O 6. O-O dxc4 7. Qc2 a6 8. Qxc4 b5 9. Qc2 Bb7 10. Bd2 {
An idea of Sosonko.} Bd6 $5 {Just one of many moves.} (10... h6 11. a3 {
is a crazy waiting game.}) 11. a3 {Not the most common move but it should work.
} (11. Bg5 Nbd7 12. Nbd2 (12. Rd1 Qb8) 12... Rc8 13. Bxf6 Nxf6 14. Nb3 c5 15.
Nxc5 Be4 16. Qc3 e5 17. e3 Bxc5 18. dxc5 Qd5 19. Rad1 Qa8 20. Ne1 Bxg2 21. Nxg2
Ne4 22. Qxe5 Rxc5 23. Qd4 Rc4 $132) {Black can not hold it anymore.} 11... Nbd7
(11... h6 $5 12. Ba5 $1 Nc6 13. Bc3 $16 {is the idea.}) 12. Ba5 (12. b4 Ra7 13.
a4 (13. Nc3 Qa8 $132) 13... bxa4 $1) 12... Qb8 (12... Ra7 13. Nbd2 Qa8 {
is OK but momentarily paralyses the rook.}) 13. b4 Qa7 $1 {I was very
ambitious at this point and my main idea was to meet e4 with e5.} (13... e5 14.
Nbd2 exd4 15. Nxd4 Bxg2 16. Kxg2 Re8) 14. Nbd2 Rac8 $6 ({I shoud have chosen} 
14... Rae8 $1 15. e4 e5 16. d5 (16. dxe5 $6 Nxe5 17. Nxe5 Rxe5 $1 {makes
difference!}) 16... Rc8 17. Qd3 c6 18. dxc6 Rxc6 $13) 15. e4 e5 16. dxe5 Nxe5 (
16... Bxe5 $6 {is not safe enough.} 17. Nxe5 (17. Rac1 Bd6 18. Bh3 c5 19. Qd3
Rc6 $132) 17... Nxe5 18. Rac1 Rfd8 19. Nb3 Nc4 20. Rfd1 $16) 17. Nxe5 Bxe5 18.
Rac1 Rfe8 19. Nb3 Bd6 20. Rfe1 Nd7 $1 (20... Qa8 21. f3 Nd7 22. f4 $16) 21. Bh3
{He picks up the gauntlet.} (21. Nc5 Bxc5 22. bxc5 Ne5 23. Qe2 Bc6 24. Bc3 Rcd8
25. Red1 Rxd1+ 26. Qxd1 Qa8 27. f4 Ng6 28. Qd4 f6 $13) 21... Ne5 22. Qe2 Rcd8
23. Bxc7 Bxc7 24. Rxc7 Qb6 {Black has to choose one of the two queen moves.} (
24... Rd3 $4 25. Nc5 (25. Rxb7 Qxb7 26. Nc5 Nf3+ 27. Qxf3 Rxf3 28. Nxb7 $18)
25... Nf3+ 26. Kh1 $18) (24... Nd3 $2 25. Nc5 $18) (24... Qb8 25. Rc3 Nc4 26.
Nc5 Rd2 27. Qf3 Red8 28. Bf1 $16 {and Black does not have enough compensation.}
) 25. Rc3 Nc4 (25... Qh6 26. Bg2 Bc8 27. f4 $16) 26. Nc5 Rd2 27. Qf3 Ba8 {
In my calculations I always kept the bishop on the a8-h1 diagonal.} (27... Red8
28. Qf4 $16) (27... Bc6 28. Bf1 Ne5 29. Qe3 $16) (27... a5 $5 28. Qf4 Rd4 $44)
28. Qf4 (28. Bf1 Rd4 29. Bxc4 bxc4 $44) 28... Qd8 29. Bf1 g5 30. Qf3 (30. Qf5
$6 Nd6 31. Qf3 f5) 30... Ne5 31. Qf5 h6 $1 $44 {With the possession of the
d-file and White's queen awkwardly placed Black has obvious compensation.} 32.
h4 (32. Nxa6 $2 Nc6 $1 33. Rf3 (33. Nc5 Nd4 34. Qg4 Qf6 $17) 33... Rf8 34. Qf6
Nd4 $1 $17) 32... Bc6 (32... Nc6 $6 33. Rd3 Rxd3 34. Bxd3 Re5 35. Qd7 $1 Qxd7
36. Nxd7 Re7 37. Nc5 $16) ({Strange complications occur after} 32... gxh4 33.
gxh4 Kh8 34. Qf4 Rg8+ 35. Rg3 Rxg3+ 36. fxg3 Qd4+ 37. Re3 Ng4 38. Nb3 Qxe3+ 39.
Qxe3 Nxe3 40. Nxd2 Nc2 41. Kf2 Nxa3 42. Bd3 $18) 33. hxg5 hxg5 34. Rce3 g4 $2
$138 {This is simply bad.} (34... a5 $1 35. Be2 (35. bxa5 $2 Rc2 $3 {I had
completely missed this idea.} 36. Nd3 (36. Rd3 Qe7) 36... Bd7 $19) 35... axb4
36. axb4 {and Black does not have to worry about a second pawn.} Kg7 $44) (
34... Kg7 35. Be2 Qe7 $16 (35... Rd6 36. Kg2 Rh6 $16)) (34... Rc2 $6 {The same
idea dressed up differently.} 35. Be2 Rxc5 36. bxc5 Bd7 37. Rd1 Bxf5 38. Rxd8
Rxd8 39. exf5 f6 40. f4 gxf4 41. gxf4 Nc6 42. Bf3 Nd4 43. Be4 $1 (43. Bb7 $2
Rd7 44. Bxa6 (44. c6 Rc7) 44... Ra7 45. c6 Rc7 46. Bb7 Nxc6 $11) 43... Kf7 44.
Kf2 $18) 35. Be2 Kg7 $2 {This is equivalent to resignation!} ({Good or bad I
had to play one of these:} 35... Bd7 $5 36. Nxd7 Qxd7 37. Qg5+ Kf8 38. Kg2 $1 (
38. Qh6+ Kg8 39. Qxa6 $2 Rxe2 $1 40. R3xe2 Nf3+ 41. Kg2 Re6 42. Qa8+ Re8 43.
Qa5 Kg7 $40) 38... Rd6 39. Qh5 Kg7 40. Rh1 $40) (35... Rc2 36. Kg2 $1 (36. Bxg4
$6 Rxc5 37. bxc5 Bd7 38. Rd1 Bxf5 39. Rxd8 Rxd8 40. Bxf5 Rd1+ 41. Kg2 Rc1 42.
f4 Nc6 43. e5 Nd4 44. Be4 Rxc5 $44) 36... Bd7 37. Nxd7 Qxd7 38. Qg5+ $18) 36.
Bxg4 $18 Nc4 37. Rf3 Qe7 38. Bh5 Ne5 39. Rf4 (39. Ne6+ $5 Qxe6 40. Qg5+ Kf8 41.
Qxd2 Nxf3+ 42. Bxf3 $18) 39... a5 40. Kg2 (40. bxa5 Qxc5 41. Qg5+ Kf8 42. Rxf7+
$18 {is another way to win the game.}) 40... axb4 41. axb4 Rd4 42. Rh1 $1 {
Ivan shows a good way to carry out the execution.} Rh8 (42... Ng6 43. Bxg6 fxg6
44. Qh3 $18) 43. Bxf7 $1 {Nice!} Rxh1 44. Rg4+ $1 {Delivers checkmate in a
couple of moves.} (44. Rg4+ $1 Kh6 45. Rg6+) 1-0

[Event "SRB-chT"]
[Site "Kragujevac"]
[Date "2015.08.29"]
[Round "10.1"]
[White "Atalik, Suat"]
[Black "Pavlovic, Milos"]
[Result "1-0"]
[WhiteElo "2565"]
[BlackElo "2488"]
[Annotator "Atalik,S"]
[PlyCount "73"]
[EventDate "2015.08.20"]
[EventType "team-tourn"]
[EventRounds "11"]
[EventCountry "YUG"]
[SourceTitle "EXT 2016"]
[Source "ChessBase"]
[SourceDate "2015.10.08"]
[SourceVersion "1"]
[SourceVersionDate "2015.10.08"]
[SourceQuality "1"]
[WhiteTeam "Kraljevo Sloga Turist"]
[BlackTeam "Subotica Spartak"]
[WhiteTeamCountry "SRB"]
[BlackTeamCountry "SRB"]

1. Nf3 d5 2. c4 e6 (2... d4 {is always a problem.}) 3. g3 Nf6 (3... dxc4 4.
Qa4+ Nd7 5. Qxc4 a6 6. Qc2 $13) 4. Bg2 Be7 (4... dxc4 5. Qa4+ c6 (5... Nbd7 6.
Qxc4 a6 7. Qb3 $5 c5 8. a4) 6. Qxc4 b5 7. Qb3 Bb7 8. d4 $5 a6 9. Be3 $5 {
is my game with GM Galkin from Serbian Central League which happenned to be
played in the same venue 2 years ago.}) 5. d4 {Now I finally diverted the game
into a Catalan having avoided dc4 and Bb4 lines.} O-O 6. O-O dxc4 7. Qc2 a6 8.
a4 Bd7 9. Qxc4 Bc6 10. Bg5 Bd5 11. Qd3 $5 (11. Qc2 {is more popular.} Be4 (
11... c5 $6 12. dxc5 Nbd7 13. Nc3 Bc6 14. b4 a5 15. b5 Bxf3 16. Bxf3 Nxc5 17.
Rfd1 $16 {with queens this position ought to be clearly better for White.}) 12.
Qd1 c5 13. dxc5 Bxc5 $1 (13... Nbd7 14. Nc3 Bc6 15. b4 a5 16. b5 Bxf3 17. Bxf3
Nxc5 $14) 14. Qxd8 Rxd8 15. Nbd2 Bc6 16. Nb3 {exerting some pressure.}) 11...
c5 (11... Be4 12. Qe3) 12. Nc3 Bc6 13. Bxf6 $5 {A fresh idea which has already
been played.} (13. Rfd1 Qa5 $1 (13... Nbd7 14. e4 $1) 14. Bxf6 Bxf6 15. d5 (15.
Ne4 Bxe4 16. Qxe4 Nc6 $15) 15... exd5 16. Nxd5 Bxd5 17. Qxd5 Nc6 $132) 13...
Bxf6 14. Rfd1 (14. Ne4 $5 Nd7 (14... Bxd4 $1 15. Rfd1 Bf6 16. Qxd8 Bxd8 17.
Nxc5 Be7 18. Nb3 Bf6 19. Nfd4 Bxg2 20. Kxg2 Rd8 (20... Nc6 21. Nxc6 bxc6 22.
Rab1 Rfb8 23. Na5 $16) 21. Rac1 Nd7 $11) (14... Bxe4 $6 15. Qxe4 Nc6 16. dxc5 {
and White may keep the pawn.}) 15. Rfd1 {is a better way to get in the game
continuation having forced Nd7.}) 14... Nd7 {He could have spared the
possibility of Nc6.} (14... Qa5 $5 15. d5 {transposes to one of these equalish
lines mentioned above.}) (14... Qe7 $142 15. Qe3 (15. Ne4 Bxe4 16. Qxe4 Nc6 $17
) 15... Bxf3 16. Qxf3 cxd4 17. Ne4 Be5 18. Rac1 Nc6 19. Qa3 $44) 15. Ne4 Qe7 (
15... Bxe4 16. Qxe4 cxd4 17. Nxd4 Nc5 18. Qe3 Qb6 19. Qa3 Rfd8 20. e3 $14) 16.
Nxf6+ Qxf6 (16... Nxf6 $2 17. Qa3) 17. Qa3 ({I was calculating} 17. Ne5 Nxe5
18. dxe5 Qxe5 19. Bxc6 bxc6 20. Rac1 Rab8 (20... Qxb2 21. Rxc5) 21. b3 Qd5 22.
Rc3 Qxd3 (22... Rfd8 23. Rxc5 Qxc5 24. Qxd8+ Rxd8 25. Rxd8+ Qf8 26. Rxf8+ Kxf8
27. Kf1 Ke7 28. Ke1 Kd6 29. Kd2 Kc5 30. Kc3) 23. Rdxd3 Rxb3 24. Rxb3 c4 25. Rb6
cxd3 26. exd3 $11 {but everything looked drawish.}) 17... Rac8 18. Rac1 cxd4
19. Nxd4 Bxg2 20. Rxc8 Rxc8 21. Kxg2 $14 {After all White has a more pleasant
position but Black may defend as well.} Ne5 (21... Nc5 $6 22. Qc3 b6 (22... Qd8
$2 23. Nxe6) 23. b4 $1 {The unexpected!} (23. a5 bxa5 24. Qxa5 Qd8 $11) 23...
Qxf2+ 24. Kh1 e5 25. Nb3 Qxe2 26. Re1 Qd3 27. Rc1 $1 Qe4+ 28. Kg1 $16 {and the
piece matters!}) 22. Qb4 $1 (22. Nf3 Nxf3 23. exf3 $11 {is drawish.}) 22... Rd8
$1 (22... Qd8 $2 23. Qxb7 $1 $18 (23. Nc6 Qxd1 24. Ne7+ Kh8 25. Nxc8 h5 26.
Qf8+ Kh7 27. Ne7 Qc2 $1 $13 {and things are very messy since Qh7 prevents the
checkmate.})) (22... Rc7 23. Qd6 Rd7 24. Qb8+ Rd8 25. Qxb7 {is a complicated
way to reach the game continuation.}) 23. Qxb7 $1 {Actually this is a piece
sacrifice!} (23. Rc1 h5) 23... Ng6 $6 {In such positions the defence should be
build up in the most precise way possible.} (23... Ng4 $1 24. Qf3 Qxf3+ $1 (
24... h5 $2 25. Qxf6 (25. Rd2 $5) 25... gxf6 26. Rd2 e5 27. Nb3 $16) 25. Kxf3
$5 (25. exf3 Ne5 26. Rc1 Kf8 $11) 25... Nxh2+ 26. Kg2 Ng4 27. Rd3 Ne5 (27... h5
28. Nc6 $16) 28. Rb3 Kf8 29. e3 {may turn out to be the only chance remained.})
24. Qxa6 $1 (24. Nxe6 fxe6 25. Rxd8+ Qxd8 26. Qxa6 Qd5+ $132) 24... h5 $2 {
Simply bad.} (24... Rxd4 25. Rxd4 Qxd4 26. Qa8+ Nf8 27. a5 {Stopping the
passer seems impossible but a knight is a knight as Tal pointed out once.} Qd5+
$3 (27... h5 $2 28. a6 h4 29. e3 $1 $18 (29. a7 $2 h3+ 30. Kxh3 Qxf2 31. Qxf8+
Kxf8 32. a8=Q+ Ke7 33. Qf3 $14)) 28. Qxd5 exd5 29. Kf3 Ne6 30. e4 d4 31. e5 Kf8
32. b4 Ke7 33. Ke4 Kd7 34. f4 g6 35. g4 d3 36. Kxd3 Nxf4+ 37. Kc4 Kc7 38. b5
Ne6 $11 {despite of White's initiative a win is improbable.}) (24... e5 $2 25.
Qxf6 (25. Ne6 fxe6 26. Rxd8+ Qxd8 27. Qxe6+ Kf8 $14) 25... gxf6 26. b4 $3 (26.
e3 $6 exd4 27. Rxd4 Ra8 $1 $14) 26... exd4 27. a5 {and the pawns roll.}) 25. e3
h4 (25... e5 26. Qxf6 gxf6 27. b4 exd4 28. Rxd4 $16) 26. Qe2 (26. Rd2 $5 $18)
26... e5 $138 27. Nf3 (27. Nb5 h3+ 28. Kg1 {is another choice.}) 27... Ra8 28.
b3 Rb8 (28... h3+ 29. Kxh3 Qe6+ 30. Kg2 Qxb3 31. a5 $1 $16 (31. Ng5 $5)) 29.
Nd2 Qf5 $2 {This loses right away.} (29... Qc6+ 30. Qf3 Qc2 31. Ne4 Qxb3 32. a5
$1 (32. Rd7 Qe6) (32. Nc5 Qc4) 32... Qa2 33. Rd5 $18) 30. e4 h3+ (30... Qg5 31.
Qe3) 31. Kf1 $18 Qc8 32. Qd3 Rb4 33. Nc4 Kh7 34. Qf3 (34. a5 $5) 34... Qc6 (
34... Kg8 35. Qf5 Rxc4 36. bxc4 Qxc4+ 37. Kg1 (37. Ke1 $5) 37... Qxa4 38. Rd8+
Nf8 39. Qxe5 $18) 35. Qh5+ Kg8 36. Rd8+ Nf8 37. Qxf7+ (37. Qxf7+ Kxf7 38. Nxe5+
Ke6 39. Nxc6 {wins everything.}) 1-0